00803 2200277 4500001002100000005001500021035002000036007000300056008004100059100002600100245009000126250000900216300003100225020002200256082001500278084002100293090002600314260003500340650001700375700002700392850001000419990002400429990002400453990002400477990002400501INLIS00000000000271620260601074324 a0010-0620000089ta260601 j 1 ind 0 aWinkanda Satria Putra1 aKumpulan Dongeng Negeri Korea :bTan gu,Pendiri Negeri Korea /cWinkanda Satria Putra aEd.1 a136 hlm. :bilus. ;c24 cm a978-979-29-7167-5 a398.23.519 a398.23.519 WIN k a398.23.519 WIN k 26-1 a--Yogyakarta :bRainbow,c2018 4aDongeng Anak0 aEditor, Arie Prabawati aPUPAD a33.015/DAK/DPK/2019 a33.016/DAK/DPK/2019 a33.017/DAK/DPK/2019 a33.015/DAK/DPK/2019